000 00579nam a2200217Ia 4500
005 20241129115747.0
008 241129s9999||||xx |||||||||||||| ||und||
020 _a9789382716600
037 _aTB
040 _aSDCL
_beng
_cSDCL
041 _ahin
_2hin
084 _aQ22 R2
_qSDCL
100 _aPrabhupada A.C.; Bhaktivedanta Swami
245 0 _aKunti matarani ki shikshyein
260 _aDelhi
_bBhaktivedant Book Trust India
_c2022
300 _axii,220p.
365 _aINR
_b150
650 _aReference
942 _cTB
_hQ22 R2
999 _c1231891
_d1231891